[Event "Stay Safe Play From Home 205"]
[Site "T#646634Emanuel Laske"]
[Date "2020.06.07"]
[Round "5"]
[White "Mepe_Nika"]
[Black "Fischer_11"]
[Result "1-0"]
[WhiteElo "2358"]
[BlackElo "2089"]
[Annotator "NA RC"]
[PlyCount "113"]
[EventDate "2020.06.07"]
[EventType "swiss (blitz)"]

1. g3 {[%emt 0:00:00]} e5 {[%emt 0:00:01]} 2. Bg2 {[%emt 0:00:00]} d6 {[%emt 0:00:00]} 3. c4 {[%emt 0:00:02]} Nc6 {[%emt 0:00:00]} 4. Nc3 {[%emt 0:00:00]} Be6 {[%emt 0:00:00]} 5. d3 {[%emt 0:00:01]} Nf6 {[%emt 0:00:01]} 6. Rb1 {[%emt 0:00:01]} g6 {[%emt 0:00:00]} 7. b4 {[%emt 0:00:01]} Bg7 {[%emt 0:00:00]} 8. b5 {[%emt 0:00:00]} Nd4 {[%emt 0:00:03]} 9. Bxb7 {[%emt 0:00:01]} Rb8 {[%emt 0:00:00]} 10. Bg2 {[%emt 0:00:01]} O-O {[%emt 0:00:00]} 11. a4 {[%emt 0:00:01]} c5 {[%emt 0:00:02]} 12. bxc6 {[%emt 0:00:02]} Rxb1 {[%emt 0:00:04]} 13. Nxb1 {[%emt 0:00:00]} Qb6 {[%emt 0:00:03]} 14. Nc3 {[%emt 0:00:01]} Nxc6 {[%emt 0:00:02]} 15. Nf3 {[%emt 0:00:02]} Nd4 {[%emt 0:00:05]} 16. O-O {[%emt 0:00:01]} Nxf3+ {[%emt 0:00:01]} 17. Bxf3 {[%emt 0:00:00]} Rb8 {[%emt 0:00:02]} 18. Be3 {[%emt 0:00:01]} Qb3 {[%emt 0:00:02]} 19. Nb5 {[%emt 0:00:01]} Qxd1 {[%emt 0:00:02]} 20. Rxd1 {[%emt 0:00:00]} d5 {[%emt 0:00:02]} 21. Bxa7 {[%emt 0:00:02]} Ra8 {[%emt 0:00:03]} 22. a5 {[%emt 0:00:03]} e4 {[%emt 0:00:01]} 23. cxd5 {[%emt 0:00:02]} exf3 {[%emt 0:00:02]} 24. dxe6 {[%emt 0:00:01]} fxe2 {[%emt 0:00:00]} 25. Re1 {[%emt 0:00:00]} fxe6 {[%emt 0:00:03]} 26. Rxe2 {[%emt 0:00:01]} Kf7 {[%emt 0:00:00]} 27. a6 {[%emt 0:00:01]} Nd7 {[%emt 0:00:03]} 28. Ra2 {[%emt 0:00:03]} Nf6 {[%emt 0:00:01]} 29. Bd4 {[%emt 0:00:01]} Nd5 {[%emt 0:00:00]} 30. Bxg7 {[%emt 0:00:01]} Kxg7 {[%emt 0:00:00]} 31. a7 {[%emt 0:00:00]} Kf6 {[%emt 0:00:02]} 32. f4 {[%emt 0:00:03]} Ke7 {[%emt 0:00:01]} 33. Kf2 {[%emt 0:00:01]} Kd7 {[%emt 0:00:02]} 34. Ra6 {[%emt 0:00:01]} Nc7 {[%emt 0:00:01]} 35. Nxc7 {[%emt 0:00:02]} Kxc7 {[%emt 0:00:00]} 36. Rxe6 {[%emt 0:00:01]} Rxa7 {[%emt 0:00:02]} 37. Re7+ {[%emt 0:00:01]} Kb6 {[%emt 0:00:00]} 38. Rxa7 {[%emt 0:00:00]} Kxa7 {[%emt 0:00:00]} 39. Kf3 {[%emt 0:00:00]} Kb7 {[%emt 0:00:00]} 40. Kg4 {[%emt 0:00:00]} Kc7 {[%emt 0:00:00]} 41. Kg5 {[%emt 0:00:01]} Kd7 {[%emt 0:00:00]} 42. Kh6 {[%emt 0:00:00]} Ke6 {[%emt 0:00:00]} 43. Kxh7 {[%emt 0:00:00]} Kf5 {[%emt 0:00:00]} 44. d4 {[%emt 0:00:01]} Kg4 {[%emt 0:00:00]} 45. Kxg6 {[%emt 0:00:01]} Kh3 {[%emt 0:00:00]} 46. f5 {[%emt 0:00:00]} Kxh2 {[%emt 0:00:00]} 47. f6 {[%emt 0:00:00]} Kxg3 {[%emt 0:00:00]} 48. f7 {[%emt 0:00:00]} Kf4 {[%emt 0:00:00]} 49. f8=Q+ {[%emt 0:00:00]} Kg4 {[%emt 0:00:00]} 50. Qf5+ {[%emt 0:00:02]} Kg3 {[%emt 0:00:00]} 51. Qe4 {[%emt 0:00:02]} Kh2 {[%emt 0:00:01]} 52. Qf3 {[%emt 0:00:01]} Kg1 {[%emt 0:00:00]} 53. Qe2 {[%emt 0:00:01]} Kh1 {[%emt 0:00:00]} 54. Kg5 {[%emt 0:00:01]} Kg1 {[%emt 0:00:00]} 55. Kg4 {[%emt 0:00:00]} Kh1 {[%emt 0:00:00]} 56. Kg3 {[%emt 0:00:01]} Kg1 {[%emt 0:00:00]} 57. Qe1# {[%emt 0:00:00] (Lag: Av=0.37s, max=1.0s)} 1-0

[Event "Stay Safe Play From Home 205"]
[Site "T#646634Emanuel Laske"]
[Date "2020.06.07"]
[Round "5"]
[White "SoulofWolf"]
[Black "Sfantul321"]
[Result "0-1"]
[WhiteElo "2192"]
[BlackElo "1965"]
[Annotator "NA RC"]
[PlyCount "70"]
[EventDate "2020.06.07"]
[EventType "swiss (blitz)"]

1. Nf3 {[%emt 0:00:00]} g6 {[%emt 0:00:00]} 2. c4 {[%emt 0:00:00]} Bg7 {[%emt 0:00:00]} 3. g3 {[%emt 0:00:01]} c5 {[%emt 0:00:00]} 4. Bg2 {[%emt 0:00:00]} Nc6 {[%emt 0:00:00]} 5. O-O {[%emt 0:00:00]} e6 {[%emt 0:00:00]} 6. e3 {[%emt 0:00:00]} Nge7 {[%emt 0:00:01]} 7. d4 {[%emt 0:00:00]} cxd4 {[%emt 0:00:01]} 8. exd4 {[%emt 0:00:00]} d5 {[%emt 0:00:01]} 9. Be3 {[%emt 0:00:00]} O-O {[%emt 0:00:01]} 10. c5 {[%emt 0:00:01]} e5 {[%emt 0:00:01]} 11. dxe5 {[%emt 0:00:03]} Nxe5 {[%emt 0:00:01]} 12. Bf4 {[%emt 0:00:03]} Nxf3+ {[%emt 0:00:02]} 13. Bxf3 {[%emt 0:00:00]} Bxb2 {[%emt 0:00:01]} 14. Nd2 {[%emt 0:00:01]} Bxa1 {[%emt 0:00:01]} 15. Qxa1 {[%emt 0:00:00]} Re8 {[%emt 0:00:02]} 16. Rd1 {[%emt 0:00:02]} Be6 {[%emt 0:00:01]} 17. h4 {[%emt 0:00:01]} Nf5 {[%emt 0:00:02]} 18. Ne4 {[%emt 0:00:03]} h6 {[%emt 0:00:05]} 19. Nc3 {[%emt 0:00:07]} g5 {[%emt 0:00:04]} 20. hxg5 {[%emt 0:00:01]} hxg5 {[%emt 0:00:01]} 21. Bc1 {[%emt 0:00:03]} f6 {[%emt 0:00:02]} 22. Bb2 {[%emt 0:00:01]} Kg7 {[%emt 0:00:02]} 23. Kg2 {[%emt 0:00:01]} Rc8 {[%emt 0:00:03]} 24. Ne4 {[%emt 0:00:01]} Rf8 {[%emt 0:00:03]} 25. a4 {[%emt 0:00:03]} Kg6 {[%emt 0:00:02]} 26. Rh1 {[%emt 0:00:02]} dxe4 {[%emt 0:00:06]} 27. Bxe4 {[%emt 0:00:01]} Bd5 {[%emt 0:00:01]} 28. f3 {[%emt 0:00:01]} Bxe4 {[%emt 0:00:01]} 29. fxe4 {[%emt 0:00:00]} Ne3+ {[%emt 0:00:01]} 30. Kf3 {[%emt 0:00:01]} Nc4 {[%emt 0:00:01]} 31. Bc3 {[%emt 0:00:01]} Ne5+ {[%emt 0:00:01]} 32. Kg2 {[%emt 0:00:01]} Qd3 {[%emt 0:00:01]} 33. Rc1 {[%emt 0:00:02]} Qf3+ {[%emt 0:00:01]} 34. Kg1 {[%emt 0:00:00]} Rh8 {[%emt 0:00:01]} 35. Bxe5 {[%emt 0:00:06]} Rh1# {[%emt 0:00:02] (Lag: Av=0.25s, max=0.4s)} 0-1

[Event "Stay Safe Play From Home 205"]
[Site "T#646634Emanuel Laske"]
[Date "2020.06.07"]
[Round "5"]
[White "Rogan"]
[Black "Haris kollari 13"]
[Result "1-0"]
[WhiteElo "2127"]
[BlackElo "1638"]
[Annotator "NA RC"]
[PlyCount "79"]
[EventDate "2020.06.07"]
[EventType "swiss (blitz)"]

1. d4 {[%emt 0:00:01]} e6 {[%emt 0:00:00]} 2. c3 {[%emt 0:00:00]} d5 {[%emt 0:00:00]} 3. Nf3 {[%emt 0:00:00]} c5 {[%emt 0:00:01]} 4. Bg5 {[%emt 0:00:00]} f6 {[%emt 0:00:01]} 5. Bh4 {[%emt 0:00:01]} Nc6 {[%emt 0:00:00]} 6. e3 {[%emt 0:00:00]} Bd7 {[%emt 0:00:01]} 7. Bd3 {[%emt 0:00:01]} Bd6 {[%emt 0:00:04]} 8. O-O {[%emt 0:00:01]} c4 {[%emt 0:00:01]} 9. Bc2 {[%emt 0:00:01]} Qc7 {[%emt 0:00:01]} 10. Nbd2 {[%emt 0:00:01]} h5 {[%emt 0:00:02]} 11. Bg3 {[%emt 0:00:00]} h4 {[%emt 0:00:04]} 12. Bxd6 {[%emt 0:00:01]} Qxd6 {[%emt 0:00:01]} 13. e4 {[%emt 0:00:00]} g5 {[%emt 0:00:03]} 14. e5 {[%emt 0:00:01]} fxe5 {[%emt 0:00:01]} 15. Bg6+ {[%emt 0:00:01]} Kd8 {[%emt 0:00:02]} 16. dxe5 {[%emt 0:00:00]} Nxe5 {[%emt 0:00:02]} 17. Nxe5 {[%emt 0:00:00]} Qxe5 {[%emt 0:00:01]} 18. Re1 {[%emt 0:00:04]} Qf6 {[%emt 0:00:01]} 19. Bc2 {[%emt 0:00:02]} Ne7 {[%emt 0:00:01]} 20. Nf3 {[%emt 0:00:03]} g4 {[%emt 0:00:04]} 21. Ne5 {[%emt 0:00:01]} g3 {[%emt 0:00:02]} 22. fxg3 {[%emt 0:00:04]} hxg3 {[%emt 0:00:01]} 23. hxg3 {[%emt 0:00:05]} Kc7 {[%emt 0:00:05]} 24. Nxd7 {[%emt 0:00:03]} Kxd7 {[%emt 0:00:02]} 25. Qf3 {[%emt 0:00:04]} Qh6 {[%emt 0:00:02]} 26. Kf2 {[%emt 0:00:11]} Raf8 {[%emt 0:00:01]} 27. Re2 {[%emt 0:00:01]} Rxf3+ {[%emt 0:00:01]} 28. gxf3 {[%emt 0:00:00]} Qh2+ {[%emt 0:00:02]} 29. Ke3 {[%emt 0:00:00]} Qxg3 {[%emt 0:00:00]} 30. Kd2 {[%emt 0:00:01]} Qxf3 {[%emt 0:00:01]} 31. Rae1 {[%emt 0:00:01]} Rh6 {[%emt 0:00:02]} 32. Kd1 {[%emt 0:00:01]} Nf5 {[%emt 0:00:01]} 33. Kc1 {[%emt 0:00:01]} Ng3 {[%emt 0:00:01]} 34. Re3 {[%emt 0:00:01]} Qf2 {[%emt 0:00:01]} 35. Kb1 {[%emt 0:00:02]} Nf1 {[%emt 0:00:01]} 36. Ba4+ {[%emt 0:00:00]} Kd6 {[%emt 0:00:02]} 37. R3e2 {[%emt 0:00:00]} Qf3 {[%emt 0:00:02]} 38. Bc2 {[%emt 0:00:00]} Ng3 {[%emt 0:00:02]} 39. Rd2 {[%emt 0:00:01]} Qf4 {[%emt 0:00:01]} 40. Red1 {[%emt 0:00:00] Time (Lag: Av=0.42s, max=0.9s) '} 1-0

[Event "Stay Safe Play From Home 205"]
[Site "T#646634Emanuel Laske"]
[Date "2020.06.07"]
[Round "5"]
[White "Haxhi Baha"]
[Black "Lazieri3"]
[Result "0-1"]
[WhiteElo "2041"]
[BlackElo "2019"]
[Annotator "TA"]
[PlyCount "84"]
[EventDate "2020.06.07"]
[EventType "swiss (blitz)"]

{[%evp 13,84,37,29,25,87,54,85,20,66,54,62,-64,48,29,54,40,44,27,92,84,110,62,56,-2,0,0,22,27,19,27,29,26,25,23,33,3,116,131,126,127,126,0,0,0,0,0,0,-11,0,-65,-66,-80,-51,-566,0,0,0,0,0,-41,-21,-37,-11,-11,72,64,171,-76,253,-64,0,0,11]} 1. e4 c6 2. Nf3 d5 3. Nc3 dxe4 4. Nxe4 Nd7 5. Bc4 Ngf6 6. Neg5 e6 7. Qe2 Nd5 8. d4 {[#] B11: Caro-Kann: Two Knights Variation.} ({And not} 8. Nxf7 Kxf7 9. d4 (9. Nd4 $2 Qf6 $19) (9. Bxd5 $2 exd5 10. O-O Bd6 $19) 9... N7f6 $17) 8... N7b6 $146 (8... Be7 $11) ({Predecessor:} 8... Be7 9. O-O h6 10. Ne4 O-O 11. Bb3 b5 12. a4 b4 13. a5 Rb8 14. Ne5 Qc7 15. Ng3 N7f6 16. Nh5 Nxh5 17. Qxh5 {½-½ (49) Movsesian,S (2710)-Rasmussen,A (2541) Porto Carras 2011}) 9. Bb3 h6 10. Nh3 ({Better is} 10. Ne4 $16) 10... Be7 11. c4 Nf6 12. Ne5 (12. Nf4 $14) 12... Nbd7 (12... Qxd4 $15 13. O-O Nbd7) 13. Be3 Nxe5 14. dxe5 Nd7 15. O-O-O Qc7 (15... Qa5 $11) 16. f4 $16 b6 17. Rhg1 Bb7 18. g4 (18. Bc2 $14) 18... O-O-O 19. Kb1 Nc5 20. Bc2 $36 {[%mdl 2048] White is pushing.} Rxd1+ 21. Rxd1 Rd8 22. Rxd8+ Qxd8 23. Nf2 Nd7 24. Ne4 Nc5 (24... c5 $11) 25. Nxc5 Bxc5 26. Bxc5 bxc5 27. a3 (27. Qf2 $16) 27... Qd4 $11 28. Qe4 Qg1+ 29. Ka2 Qxh2 30. Qh7 {next Qg8+ is good for White.} Kc7 31. Bd3 (31. Qd3 $11) 31... Qxf4 32. Qxg7 Ba6 33. b3 $2 {[%mdl 8192]} (33. Kb3 $15) 33... Qf3 $2 (33... Qd2+ $19 34. Ka1 Qxd3 35. Qxf7+ Kb6) 34. Bc2 Qf2 35. Kb1 Qf1+ 36. Kb2 Qf4 37. Kb1 Kb6 38. Qf8 {And now Qb8+ would win.} Qf1+ (38... Qxe5 $11 {remains equal.} 39. Qxh6 Qe1+ 40. Kb2 Qe5+ 41. Kb1 Bb7) 39. Kb2 $16 {[%mdl 1024] aiming for Qb8+. White has strong compensation.} Qf4 (39... Qf2 $14) 40. a4 $2 (40. Qb8+ $1 $18 Bb7 41. Qd8+ Ka6 42. b4 Qd4+ 43. Qxd4 cxd4 44. c5) 40... Bb7 $2 {[%mdl 8192] [#]} (40... Qxe5+ $17 {and life is bright.} 41. Kb1 Bb7) 41. Ka2 $2 (41. a5+ $1 $18 {[%mdl 512]} Ka6 (41... Kxa5 42. Qxc5+) 42. Qxc5) 41... Kc7 ({Don't go for} 41... Qxg4 $2 {[#]} 42. a5+ $1 {[%mdl 512]} Kc7 43. Qxf7+ Kb8 44. Qf8+ {[%mdl 64] Double Attack} Bc8 45. Qd6+ {[%mdl 64] Double Attack} Kb7 46. a6+ $1 {[%mdl 512]} Kb6 47. Qd8+ Kxa6 48. Qxc8+ {[%mdl 64] Double Attack} Kb6 49. Qb8+ Ka6 50. Qd6 $18) (41... Qxe5 $15 42. Qxf7 Qc3) 42. Qe7+ Kb8 {[%mdl 32768] Accuracy: White = 49%, Black = 43%. . Sensor Board Error (Ke4/e5)?} 0-1

[Event "Stay Safe Play From Home 205"]
[Site "T#646634Emanuel Laske"]
[Date "2020.06.07"]
[Round "5"]
[White "EL sanbary"]
[Black "Chase the sun"]
[Result "0-1"]
[WhiteElo "1885"]
[BlackElo "1778"]
[Annotator "NA RC"]
[PlyCount "86"]
[EventDate "2020.06.07"]
[EventType "swiss (blitz)"]

1. c4 {[%emt 0:00:01]} e6 {[%emt 0:00:01]} 2. g3 {[%emt 0:00:01]} f5 {[%emt 0:00:00]} 3. Bg2 {[%emt 0:00:01]} Nf6 {[%emt 0:00:00]} 4. Nc3 {[%emt 0:00:01]} Be7 {[%emt 0:00:00]} 5. e4 {[%emt 0:00:01]} O-O {[%emt 0:00:00]} 6. Nge2 {[%emt 0:00:01]} fxe4 {[%emt 0:00:01]} 7. O-O {[%emt 0:00:00]} d5 {[%emt 0:00:01]} 8. Nxe4 {[%emt 0:00:00]} dxe4 {[%emt 0:00:01]} 9. Nc3 {[%emt 0:00:02]} b6 {[%emt 0:00:01]} 10. Nxe4 {[%emt 0:00:01]} Nxe4 {[%emt 0:00:02]} 11. Bxe4 {[%emt 0:00:00]} c6 {[%emt 0:00:00]} 12. d4 {[%emt 0:00:02]} Bb7 {[%emt 0:00:01]} 13. Be3 {[%emt 0:00:02]} Qc7 {[%emt 0:00:01]} 14. Qd2 {[%emt 0:00:01]} c5 {[%emt 0:00:01]} 15. d5 {[%emt 0:00:01]} exd5 {[%emt 0:00:02]} 16. cxd5 {[%emt 0:00:01]} Kh8 {[%emt 0:00:03]} 17. Rad1 {[%emt 0:00:02]} Bd6 {[%emt 0:00:03]} 18. b3 {[%emt 0:00:02]} Nd7 {[%emt 0:00:01]} 19. Kg2 {[%emt 0:00:04]} Rae8 {[%emt 0:00:02]} 20. Qd3 {[%emt 0:00:02]} h6 {[%emt 0:00:03]} 21. Bg6 {[%emt 0:00:02]} Ne5 {[%emt 0:00:02]} 22. Qc2 {[%emt 0:00:03]} Nxg6 {[%emt 0:00:03]} 23. Qxg6 {[%emt 0:00:00]} Qf7 {[%emt 0:00:03]} 24. Qd3 {[%emt 0:00:02]} Qf5 {[%emt 0:00:01]} 25. Qd2 {[%emt 0:00:01]} Re5 {[%emt 0:00:03]} 26. Bf4 {[%emt 0:00:03]} Rxd5 {[%emt 0:00:01]} 27. Bxd6 {[%emt 0:00:03]} Rxd2+ {[%emt 0:00:03]} 28. Kg1 {[%emt 0:00:01]} Rxd1 {[%emt 0:00:01]} 29. Rxd1 {[%emt 0:00:02]} Rd8 {[%emt 0:00:00]} 30. Rd2 {[%emt 0:00:03]} Qxf2+ {[%emt 0:00:01]} 31. Kxf2 {[%emt 0:00:02]} Kg8 {[%emt 0:00:03]} 32. Bf4 {[%emt 0:00:02]} Rxd2+ {[%emt 0:00:02]} 33. Bxd2 {[%emt 0:00:01]} Kf7 {[%emt 0:00:00]} 34. Ke3 {[%emt 0:00:01]} Ke6 {[%emt 0:00:00]} 35. h4 {[%emt 0:00:00]} Kd5 {[%emt 0:00:00]} 36. a3 {[%emt 0:00:01]} Ba6 {[%emt 0:00:00]} 37. Bc3 {[%emt 0:00:02]} Bc8 {[%emt 0:00:00]} 38. Bxg7 {[%emt 0:00:03]} Be6 {[%emt 0:00:00]} 39. Bxh6 {[%emt 0:00:00]} Bf5 {[%emt 0:00:00]} 40. Bg5 {[%emt 0:00:00]} Be4 {[%emt 0:00:00]} 41. Bd8 {[%emt 0:00:01]} Bd3 {[%emt 0:00:00]} 42. Bc7 {[%emt 0:00:00]} Bc2 {[%emt 0:00:00]} 43. Bb8 {[%emt 0:00:00]} Bb1 {[%emt 0:00:00] Time (Lag: Av=0.44s, max=1.0s)} 0-1

[Event "Stay Safe Play From Home 205"]
[Site "T#646634Emanuel Laske"]
[Date "2020.06.07"]
[Round "5"]
[White "Edmatuag"]
[Black "Cubail"]
[Result "1-0"]
[WhiteElo "1703"]
[BlackElo "1382"]
[Annotator "NA RC"]
[PlyCount "39"]
[EventDate "2020.06.07"]
[EventType "swiss (blitz)"]

1. e4 {[%emt 0:00:01]} f5 {[%emt 0:00:01]} 2. exf5 {[%emt 0:00:02]} Nf6 {[%emt 0:00:01]} 3. Nc3 {[%emt 0:00:02]} d5 {[%emt 0:00:01]} 4. Nge2 {[%emt 0:00:03]} d4 {[%emt 0:00:02]} 5. Nb5 {[%emt 0:00:03]} c5 {[%emt 0:00:03]} 6. Ng3 {[%emt 0:00:03]} a6 {[%emt 0:00:02]} 7. Na3 {[%emt 0:00:01]} Nc6 {[%emt 0:00:04]} 8. c3 {[%emt 0:00:02]} b5 {[%emt 0:00:06]} 9. Nxb5 {[%emt 0:00:05]} axb5 {[%emt 0:00:02]} 10. Bxb5 {[%emt 0:00:00]} Bb7 {[%emt 0:00:06]} 11. Bxc6+ {[%emt 0:00:00]} Bxc6 {[%emt 0:00:02]} 12. O-O {[%emt 0:00:03]} Qd5 {[%emt 0:00:03]} 13. f3 {[%emt 0:00:02]} h5 {[%emt 0:00:04]} 14. Qe2 {[%emt 0:00:02]} h4 {[%emt 0:00:02]} 15. Ne4 {[%emt 0:00:01]} Qxf5 {[%emt 0:00:04]} 16. Nd6+ {[%emt 0:00:03]} Kd8 {[%emt 0:00:12]} 17. Nxf5 {[%emt 0:00:00]} g6 {[%emt 0:00:03]} 18. Nxd4 {[%emt 0:00:04]} cxd4 {[%emt 0:00:02]} 19. cxd4 {[%emt 0:00:00]} Nd5 {[%emt 0:00:02]} 20. Qc4 {[%emt 0:00:02] Time (Lag: Av=0.47s, max=1.0s)} 1-0

[Event "Stay Safe Play From Home 205"]
[Site "T#646634Emanuel Laske"]
[Date "2020.06.07"]
[Round "5"]
[White "Mandy"]
[Black "Trotsky"]
[Result "0-1"]
[WhiteElo "935"]
[BlackElo "1577"]
[Annotator "NA RC"]
[PlyCount "28"]
[EventDate "2020.06.07"]
[EventType "swiss (blitz)"]

1. d4 {[%emt 0:00:04]} d5 {[%emt 0:00:01]} 2. Bf4 {[%emt 0:00:01]} e6 {[%emt 0:00:00]} 3. e3 {[%emt 0:00:01]} c5 {[%emt 0:00:01]} 4. c3 {[%emt 0:00:02]} Nc6 {[%emt 0:00:01]} 5. Nf3 {[%emt 0:00:02]} c4 {[%emt 0:00:01]} 6. h3 {[%emt 0:00:01]} Bd6 {[%emt 0:00:01]} 7. Bg3 {[%emt 0:00:04]} Qc7 {[%emt 0:00:01]} 8. Bxd6 {[%emt 0:00:02]} Qxd6 {[%emt 0:00:01]} 9. Nbd2 {[%emt 0:00:01]} Bd7 {[%emt 0:00:01]} 10. Be2 {[%emt 0:00:03]} Nf6 {[%emt 0:00:01]} 11. O-O {[%emt 0:00:02]} O-O-O {[%emt 0:00:01]} 12. e4 {[%emt 0:00:03]} h5 {[%emt 0:00:01]} 13. Qc2 {[%emt 0:00:02]} Ng4 {[%emt 0:00:02]} 14. Ng5 {[%emt 0:00:07]} Qh2# {[%emt 0:00:02] (Lag: Av=0.35s, max=0.6s)} 0-1

[Event "Stay Safe Play From Home 205"]
[Site "T#646634Emanuel Laske"]
[Date "2020.06.07"]
[Round "6"]
[White "Rogan"]
[Black "Mepe_Nika"]
[Result "1/2-1/2"]
[WhiteElo "2129"]
[BlackElo "2364"]
[Annotator "TA"]
[PlyCount "97"]
[EventDate "2020.06.07"]
[EventType "swiss (blitz)"]

{[%evp 12,97,-12,-10,0,-7,0,-12,-3,-35,-39,-110,-25,-39,-53,-57,-36,-37,70,70,64,69,82,-16,66,-49,14,0,51,29,83,19,43,30,24,2,2,0,8,0,6,1,12,0,0,0,5,0,0,0,0,0,0,0,0,0,0,0,0,0,0,-12837,-12837,-12837,-12836,-12839,0,-12839,0,0,0,0,0,0,0,0,0,0,0,0,0,0,29980,0,0,0,0,0]} 1. d4 c5 2. c3 cxd4 3. cxd4 d5 4. Nc3 Nf6 5. Nf3 Nc6 6. Bg5 Ne4 7. Bf4 Bf5 {D13: Slav Defence: Exchange variation without ...Bf5.} 8. e3 e6 {[#]} 9. Nxe4 $146 ({Predecessor:} 9. Qa4 Bb4 10. Rc1 O-O 11. Bb5 Bxc3+ 12. bxc3 Ne7 13. O-O Ng6 14. Bg3 h5 15. Be2 {0-1 (26) Gasparian,H (2073)-Ter Saakian,G (2262) Voronezh 2019}) 9... Bxe4 10. Be2 Bb4+ 11. Nd2 (11. Kf1 $15) 11... Qa5 ({Black should play} 11... Bxg2 $17 12. Rg1 Be4) 12. a3 Bxd2+ $1 13. Qxd2 Qxd2+ 14. Kxd2 O-O ({Black should try} 14... Na5 $15 15. Kc3 Rc8+ 16. Kb4 Rc2) 15. f3 $14 Bg6 16. Rac1 Rfc8 17. Bb5 (17. Rc5 $16) 17... f6 (17... Na5 $1 $11 18. Rc7 Nb3+ 19. Kc3 Rxc7+ 20. Bxc7 Rc8) 18. Bd6 (18. Bxc6 $14 bxc6 19. Rc5) 18... Be8 (18... Na5 $15 19. Ke2 Nb3) 19. b4 Kf7 (19... Rd8 $11 20. Bxc6 Bxc6) 20. h4 a6 (20... a5 $11) 21. Ba4 (21. Bd3 $16) 21... Ne7 22. Bxe8+ (22. Bc2 {with more complications.} h6 23. g4 Rc6 24. Bg3 Rac8 25. h5) 22... Kxe8 23. Bxe7 Kxe7 {[%mdl 4096] Endgame KRR-KRR} 24. g4 Kd6 25. Kd3 Rc6 26. Rc5 Rac8 27. Rhc1 b6 28. Rxc6+ Rxc6 29. Rxc6+ Kxc6 $11 {KP-KP} 30. a4 b5 31. a5 Kd6 32. e4 e5 33. exd5 Kxd5 34. dxe5 Kxe5 35. Ke3 g6 36. f4+ $2 {[%mdl 8192]} (36. g5 $11) 36... Kd5 $19 37. Kd3 h6 38. Ke3 f5 $2 (38... Kc4 $19 39. Ke4 Kxb4) 39. h5 $2 {[%mdl 8192]} (39. g5 $11 hxg5 40. fxg5) 39... fxg4 $2 ({Better is} 39... gxh5 $19 40. gxf5 Kd6) 40. hxg6 $11 {[#] White wants to mate with g7.} Ke6 41. f5+ Kf6 42. Kf4 h5 43. Kg3 Kg7 44. Kh4 Kf6 (44... Kh6 $5) 45. Kg3 Kg7 46. Kh4 Kf8 $2 {[%mdl 8192] [#]} (46... Kf6 $11) 47. Kg3 $2 (47. f6 {mates} Ke8 48. Kg3 Kf8 49. f7 Kg7 50. Kf4 Kf8 51. Kg5 Kg7 52. Kf5) 47... Ke7 48. Kh4 Kf6 49. Kg3 {White used his chance. Accuracy: White = 71%, Black = 63%.} 1/2-1/2

[Event "Stay Safe Play From Home 205"]
[Site "T#646634Emanuel Laske"]
[Date "2020.06.07"]
[Round "6"]
[White "Fischer_11"]
[Black "Lazieri3"]
[Result "1/2-1/2"]
[WhiteElo "2083"]
[BlackElo "2037"]
[Annotator "NA RC"]
[PlyCount "143"]
[EventDate "2020.06.07"]
[EventType "swiss (blitz)"]

1. e4 {[%emt 0:00:02]} c6 {[%emt 0:00:00]} 2. d4 {[%emt 0:00:01]} d5 {[%emt 0:00:00]} 3. exd5 {[%emt 0:00:00]} cxd5 {[%emt 0:00:00]} 4. c4 {[%emt 0:00:00]} Nc6 {[%emt 0:00:00]} 5. cxd5 {[%emt 0:00:01]} Qxd5 {[%emt 0:00:01]} 6. Nf3 {[%emt 0:00:00]} Qd8 {[%emt 0:00:01]} 7. Nc3 {[%emt 0:00:00]} Nf6 {[%emt 0:00:01]} 8. d5 {[%emt 0:00:00]} Nb8 {[%emt 0:00:01]} 9. Qa4+ {[%emt 0:00:00]} Bd7 {[%emt 0:00:01]} 10. Qb3 {[%emt 0:00:00]} Qb6 {[%emt 0:00:02]} 11. Be3 {[%emt 0:00:01]} Qxb3 {[%emt 0:00:01]} 12. axb3 {[%emt 0:00:01]} g6 {[%emt 0:00:01]} 13. Rxa7 {[%emt 0:00:02]} Rxa7 {[%emt 0:00:02]} 14. Bxa7 {[%emt 0:00:00]} Na6 {[%emt 0:00:01]} 15. Bxa6 {[%emt 0:00:02]} bxa6 {[%emt 0:00:00]} 16. Bd4 {[%emt 0:00:02]} Bg7 {[%emt 0:00:01]} 17. Ne5 {[%emt 0:00:02]} Bb5 {[%emt 0:00:03]} 18. Nc6 {[%emt 0:00:07]} Bxc6 {[%emt 0:00:05]} 19. dxc6 {[%emt 0:00:00]} Kd8 {[%emt 0:00:01]} 20. Bb6+ {[%emt 0:00:02]} Kc8 {[%emt 0:00:01]} 21. Ke2 {[%emt 0:00:01]} Ne8 {[%emt 0:00:03]} 22. Ra1 {[%emt 0:00:02]} Nc7 {[%emt 0:00:01]} 23. Bxc7 {[%emt 0:00:02]} Kxc7 {[%emt 0:00:00]} 24. Rxa6 {[%emt 0:00:00]} Rb8 {[%emt 0:00:02]} 25. Ra7+ {[%emt 0:00:01]} Kxc6 {[%emt 0:00:01]} 26. Rxe7 {[%emt 0:00:01]} Bxc3 {[%emt 0:00:01]} 27. bxc3 {[%emt 0:00:02]} Rxb3 {[%emt 0:00:00]} 28. Rxf7 {[%emt 0:00:02]} Rxc3 {[%emt 0:00:01]} 29. Rxh7 {[%emt 0:00:01]} Kd5 {[%emt 0:00:01]} 30. Rg7 {[%emt 0:00:01]} Rc6 {[%emt 0:00:01]} 31. Kf3 {[%emt 0:00:01]} Ke5 {[%emt 0:00:01]} 32. Kg4 {[%emt 0:00:01]} Kf6 {[%emt 0:00:01]} 33. Rg8 {[%emt 0:00:01]} Rc2 {[%emt 0:00:02]} 34. Kg3 {[%emt 0:00:03]} Kf7 {[%emt 0:00:01]} 35. Rb8 {[%emt 0:00:01]} Kf6 {[%emt 0:00:01]} 36. Rb6+ {[%emt 0:00:01]} Kf7 {[%emt 0:00:01]} 37. Rb5 {[%emt 0:00:00]} Kf6 {[%emt 0:00:01]} 38. f3 {[%emt 0:00:00]} Kf7 {[%emt 0:00:01]} 39. h3 {[%emt 0:00:00]} Kf6 {[%emt 0:00:01]} 40. h4 {[%emt 0:00:01]} Kf7 {[%emt 0:00:01]} 41. Kh3 {[%emt 0:00:00]} Kf6 {[%emt 0:00:01]} 42. g3 {[%emt 0:00:00]} Rc1 {[%emt 0:00:01]} 43. Kg4 {[%emt 0:00:00]} Rc4+ {[%emt 0:00:01]} 44. f4 {[%emt 0:00:01]} Rc3 {[%emt 0:00:01]} 45. Rb6+ {[%emt 0:00:00]} Kf7 {[%emt 0:00:01]} 46. Rb7+ {[%emt 0:00:02]} Kf6 {[%emt 0:00:01]} 47. Rb6+ {[%emt 0:00:01]} Kf7 {[%emt 0:00:00]} 48. Rb5 {[%emt 0:00:00]} Kf6 {[%emt 0:00:01]} 49. h5 {[%emt 0:00:00]} gxh5+ {[%emt 0:00:01]} 50. Rxh5 {[%emt 0:00:00]} Kg6 {[%emt 0:00:01]} 51. Rg5+ {[%emt 0:00:01]} Kf6 {[%emt 0:00:00]} 52. Rh5 {[%emt 0:00:00]} Kf7 {[%emt 0:00:00]} 53. Rh7+ {[%emt 0:00:01]} Kg6 {[%emt 0:00:01]} 54. Rh8 {[%emt 0:00:00]} Kf6 {[%emt 0:00:00]} 55. Rb8 {[%emt 0:00:00]} Kg7 {[%emt 0:00:00]} 56. Rb6 {[%emt 0:00:00]} Kf7 {[%emt 0:00:01]} 57. Kh4 {[%emt 0:00:00]} Rb3 {[%emt 0:00:00]} 58. g4 {[%emt 0:00:00]} Rxb6 {[%emt 0:00:00]} 59. Kg5 {[%emt 0:00:00]} Rb5+ {[%emt 0:00:01]} 60. f5 {[%emt 0:00:00]} Kg8 {[%emt 0:00:00]} 61. Kh5 {[%emt 0:00:00]} Rc5 {[%emt 0:00:00]} 62. Kg6 {[%emt 0:00:00]} Ra5 {[%emt 0:00:00]} 63. g5 {[%emt 0:00:00]} Ra6+ {[%emt 0:00:00]} 64. f6 {[%emt 0:00:00]} Kf8 {[%emt 0:00:01]} 65. Kh6 {[%emt 0:00:00]} Kf7 {[%emt 0:00:00]} 66. Kh7 {[%emt 0:00:01]} Ra5 {[%emt 0:00:01]} 67. g6+ {[%emt 0:00:00]} Kxf6 {[%emt 0:00:00]} 68. g7 {[%emt 0:00:01]} Ra7 {[%emt 0:00:00]} 69. Kg8 {[%emt 0:00:01]} Rxg7+ {[%emt 0:00:00]} 70. Kf8 {[%emt 0:00:00]} Kg6 {[%emt 0:00:00]} 71. Ke8 {[%emt 0:00:00]} Rf7 {[%emt 0:00:00]} 72. Kd8 {[%emt 0:00:00] (Lag: Av=0.47s, max=1.0s)} 1/2-1/2